书目信息 |
| 题名: |
七千年前的奇迹
|
|
| 作者: | 梅福根 , 吴玉贤 编写 | |
| 分册: | ||
| 出版信息: | 上海 上海科学技术出版社 1982 |
|
| 页数: | 92页 | |
| 开本: | 19cm | |
| 丛书名: | ||
| 单 册: | ||
| 中图分类: | K928.72 | |
| 科图分类: | ||
| 主题词: | 文化遗址--中国 , 地理--中国 | |
| 电子资源: | ||
| ISBN: | ||
| 000 | 00731nam0 2200265 45 | |
| 001 | 0182001138 | |
| 005 | 20040513111013.3 | |
| 010 | @dCNY0.27 | |
| 091 | @a13119.1023 | |
| 100 | @a19950603d1982 em y0chiy0121 ea | |
| 101 | 0 | @achi |
| 102 | @aCN@b310000 | |
| 105 | @af z 000yy | |
| 106 | @ar | |
| 200 | 10 | @a七千年前的奇迹@Aqi qian nian qian de qi ji@e我国河姆渡古遗址@f梅福根,吴玉贤编写 |
| 210 | @a上海@c上海科学技术出版社@d1982 | |
| 215 | @a92页@c图@d19cm | |
| 606 | @a文化遗址@y中国 | |
| 606 | 0 | @a地理@x中国 |
| 690 | @aK928.72 | |
| 701 | 0 | @a梅福根@Amei fu gen@4编写 |
| 701 | 0 | @a吴玉贤@Awu yu xian@4编写 |
| 801 | 0 | @aCN@b上海图书馆@c20040513 |
| 801 | 2 | @aCN@bNLC@c20040513 |
| 905 | @f1@b215446@dK928.72@e150 | |
| 七千年前的奇迹:我国河姆渡古遗址/梅福根,吴玉贤编写.-上海:上海科学技术出版社,1982 |
| 92页:图;19cm |
| ISBN :CNY0.27 |
| ● |
| 相关链接 |
|
|
|
|
正题名:七千年前的奇迹
索取号:K928.72/150
 
预约/预借
| 序号 | 登录号 | 条形码 | 馆藏地/架位号 | 状态 | 备注 |
| 1 | 0215446 | 000081084 | 第二借阅区/ [索取号:K928.72/150] | 在馆 | |
| 2 | 0215447 | 000081075 | 第二样本阅览室/ [索取号:K928.72/150] | 在馆 |